| 000 | 00829nam a2200265 i 4500 | ||
|---|---|---|---|
| 001 | 64568 | ||
| 003 | ES-MaACL | ||
| 005 | 20250718234743.0 | ||
| 007 | t| | ||
| 008 | 031229s1973 sp |||| | spa d | ||
| 020 | _a84-344-0736-1 | ||
| 080 | _a946"18" | ||
| 080 | _a308(46)"18" | ||
| 100 | 1 |
_aFontana, Josep, _d1931-2018 _951600 |
|
| 245 | 1 | 0 |
_aCambio económico y actitudes políticas en la España del siglo XIX / _cJosep Fontana. |
| 260 |
_aBarcelona : _bAriel, _c[1973] |
||
| 300 |
_a196 p. ; _c18 cm. |
||
| 490 | 1 |
_aAriel quincenal ; _v88 |
|
| 651 | 7 |
_aEspaña- _xHistoria- _yS.XIX _2 _9142005 |
|
| 651 | 4 |
_aEspaña- _xSituación social- _yS.XIX _98512 |
|
| 830 | 0 |
_aAriel quincenal ; _v88 _9180806 |
|
| 852 |
_aES-MaACL _jC-55725 |
||
| 852 |
_aES-MaACL _jAND-908 _z. - Biblioteca Juan Andrade |
||
| 999 |
_c64568 _d64568 |
||